Die 25 besten Schauspielerinnen des letzten Jahrhunderts - Statistiken

Allgemein
  • Dieses Quiz wurde 61 mal gespielt
  • Das Durchschnittsergebnis liegt bei 7 aus 25
Antwortstatistiken
Hint Antwort % Korrekt
3 Audrey Hepburn
82%
6 Marilyn Monroe
77%
1 Katharine Hepburn
74%
13 Grace Kelly
54%
21 Sophia Loren
49%
7 Elizabeth Taylor
46%
9 Marlene Dietrich
46%
4 Ingrid Bergman
44%
5 Greta Garbo
36%
2 Bette Davis
31%
25 Ava Gardner
21%
10 Joan Crawford
21%
16 Vivien Leigh
21%
19 Rita Hayworth
15%
14 Ginger Rogers
13%
8 Judy Garland
13%
20 Lauren Bacall
13%
18 Shirley Temple
13%
11 Barbara Stanwyck
10%
22 Jean Harlow
10%
15 Mae West
10%
23 Carole Lombard
8%
12 Claudette Colbert
8%
24 Mary Pickford
8%
17 Lillian Gish
5%
Keine übereinstimmenden Quizze gefunden
Verteilung der Resultate
Anzahl Personen mit jedem Resultat
Perzentil nach korrekt beantworteten Fragen
Ihre Resultats-Entwicklung
Sie haben dieses Quiz noch nicht gespielt